| 000 | 01295nam a2200277Ia 4500 | ||
|---|---|---|---|
| 003 | GCL | ||
| 005 | 20240530095520.0 | ||
| 008 | 140319s9999 xx 000 0 ara d | ||
| 020 | _a2554208977 | ||
| 040 |
_aGCL / _cGCL |
||
| 082 | 0 | 4 |
_a303.3 _bا ح |
| 100 | 0 | _4اكرم عبدالقيوم | |
| 245 | 1 | 0 |
_aالحركات الاجتماعية فى العالم العربى : _bدراسات عن الحركات الاجتماعية فى مصر - السودان - الجزائر - تونس - سوريا - لبنان - الاردن _cاكرم عبدالقيوم ؛ تقدبم سمير امين ؛ تحرير عزة خليل |
| 260 |
_aالقاهرة : _bمكتبة مدبولى ، _c2005 |
||
| 300 |
_a552 ص ؛ _c24 سم |
||
| 650 | 0 | 4 | _aالحركات الاجتماعية - مصر |
| 650 | 0 | 4 | _aالحركات الاجتماعية - لبنان |
| 650 | 0 | 4 | _aالحركات الاجتماعية - السودان |
| 650 | 0 | 4 | _aالحركات الاجتماعية - تونس |
| 650 | 0 | 4 | _aالحركات الاجتماعية - الجزائر |
| 650 | 0 | 4 | _aالحركات الاجتماعية - الاردن |
| 650 | 0 | 4 | _aالحركات الاجتماعية والديمقراطية |
| 700 | 0 |
_aسمير امين _eمقدم |
|
| 700 | 0 |
_aعزة خليل _eمحرر |
|
| 942 |
_2ddc _cBK |
||
| 999 |
_c7974 _d7974 |
||